La Vida en un espigó / guió: Flora Portas i Maria Llorens ; il·lustracions: Llorenç Ferrer Flora Portas i Maria Llorens ; il·lustracions:
Descripción Física:
31 p. : il. ; 21 x 21 cm
Colección:
Temes de treball ; 2
MARC
| LEADER | 00000nam a2200000Ia 4500 | ||
|---|---|---|---|
| 001 | 12824 | ||
| 008 | 160829s1986 xx 000 0 cat d | ||
| 080 | |a FU-15-32 | ||
| 100 | |a Portas, Flora |9 23911 |e autor | ||
| 245 | |a La Vida en un espigó / guió: |b Flora Portas i Maria Llorens ; il·lustracions: |b Llorenç Ferrer | ||
| 260 | |a [Barcelona] : |b Diputació de Barcelona. Servei del Medi Ambient, |c 1986 | ||
| 300 | |a 31 p. : |b il. ; |c 21 x 21 cm | ||
| 490 | |a Temes de treball ; 2 | ||
| 590 | |a A la coberta: Centre d'Estudis del Mar | ||
| 650 | 0 | |a Animals marins |x Ensenyament primari |x Llibres de text |9 55538 | |
| 650 | |a Flora marina |x Llibres de text |9 33074 | ||
| 700 | |a Llorens, Maria |e autor |9 42419 | ||
| 700 | 1 | |a Ferrer, Llorenç |e il·lustrador |9 49658 | |
| 710 | 2 | |a Centre d'Estudis del Mar |9 52945 | |
| 710 | 1 | |a Barcelona (Catalunya : Província). |b Servei de Medi Ambient |9 53475 | |
| 901 | |a Arxiu | ||
| 942 | |n 1 |2 udc | ||
| 952 | |0 0 |1 0 |4 0 |6 FU1532 |7 1 |9 46195 |a Arxiu |b Arxiu |d 2016-12-01 |l 0 |o FU-15-32 |p 12824 |r 2016-12-01 00:00:00 |w 2016-12-01 |y ARXIU | ||
| 999 | |c 49697 |d 49697 | ||